• 首页
  • 本馆介绍
  • 公告通知
  • 最新文献
  • 馆藏检索
  • 电子资源
  • 读者导购
  • 参考咨询
  • 我的图书馆
  • 登录
  • 详细信息显示
  • 放入我的书架
  • 预约/预借图书
  • 作者相关作品
  • 分类相关作品
  • 丛书相关作品
  • 出版社相关作品

书目信息

  • 表格格式
  • 工作单格式
  • 卡片格式
题名:
反切释要
    
 
作者: 殷焕先 著
分册:  
出版信息: 济南   齐鲁书社  1979
页数: 111页
开本: 19cm
丛书名:
单 册:
中图分类: H022
科图分类:
主题词: 文字学
电子资源:
ISBN:
000 00532nam0 2200217 45
001 0179001046
005 20050607143353.6
010    @dCNY0.28
091    @a9206.001
100    @a19950717d1979 em y0chiy0121 ea
101 0  @achi
102    @aCN@b370000
105    @ay z 000yy
200 10 @a反切释要@Afan qie shi yao@f殷焕先著@FYin Huan Xian Zhu
210    @a济南@c齐鲁书社@d1979
215    @a111页@d19cm
606 0  @a文字学
690    @aH022
701  0 @a殷焕先@4著
801  0 @aCN@bNLC@c20050607
905    @f1@b29186@dH022@e5
    
    反切释要/殷焕先著.-济南:齐鲁书社,1979
    111页;19cm
    
    
    ISBN :CNY0.28
    
●
相关链接 在E读中查询图书 在五车中查询图书 在当当中查询图书 在豆瓣中查询图书


正题名:反切释要     索取号:H022/5         预约/预借

序号 登录号 条形码 馆藏地/架位号 状态 备注
1 0029185   000819083   第二样本阅览室/ [索取号:H022/5] 在馆    
2 0029186   001965779   第四借阅区/ [索取号:H022/5] 在馆    
唐山师范学院图书馆 欢迎您!
大连网信软件有限公司© 版权所有